|
|
|
|
| LEADER |
00000nam a22000007a 4500 |
| 005 |
20220408220443.0 |
| 007 |
cr|||| |||| |
| 008 |
220408s2019 br |||||s|||| 00||0 por d |
| 020 |
|
|
|a 978-85-301-0119-0
|
| 035 |
|
|
|a 36047
|
| 040 |
|
|
|a vLex
|
| 090 |
|
|
|c 13141
|d 13141
|
| 100 |
1 |
|
|a Messias Saliba, Tuffi
|
| 245 |
1 |
0 |
|a Manual prt̀ico de avaliaȯ̂ e controle de rud̕o
|h [Recurso electrn̤ico] :
|b PPRA /
|c Tuffi Messias Saliba
|
| 250 |
|
|
|a Decimoprimera Edicin̤
|
| 256 |
|
|
|a Servicio en ln̕ea
|
| 260 |
|
|
|a San Pablo:
|b LTR,
|c 2019
|
| 300 |
|
|
|a 1 recurso electrn̤ico
|
| 500 |
|
|
|a A nova ediȯ̂ do Manual Prt̀ico de Avaliaȯ̂ e Controle de Rud̕o foi toda revisada e atualizada, especialmente em relaȯ̂ ̉norma tčnica sobre mediȯ̂ dos Nv̕eis de Pressô Sonora em r̀eas habitadas. Todos os capt̕ulos foram examinados, assim como corrigidos eventuais erros materiais. Alm̌ disso, foram includ̕os mais exemplos prt̀icos com o objetivo de melhorar a compreensô dos leitores, especialmente nos parḿetros de avaliaȯ̂ ocupacional de rud̕o. Nesta ediȯ̂, as sugeste̳s dos leitores e participantes de nossos treinamentos foram fundamentais para o aperfeiȯamento da obra. Ao alcanȧr a 11® ediȯ̂ fica evidenciada sua grande aceitaȯ̂ e, por esse motivo, agradeȯ aos leitores
|
| 506 |
1 |
|
|a Disponible solo en los productos indicados
|d vLex Global
|d vLex Global (Academic Edition, excluding Law Schools)
|d vLex Global (U.S. Academic Edition, Law Schools)
|d vLex Global (U.S. Academic Edition, excluding Law Schools)
|d vLex Global (Academic Edition, Law Schools)
|
| 650 |
0 |
4 |
|a Derecho Laboral y Seguridad Social
|z Brasil
|
| 740 |
0 |
|
|a vLex Libros (Servicio en ln̕ea)
|
| 856 |
4 |
0 |
|u https://app.vlex.com/#/sources/36047
|z Acceso restringido
|
| 942 |
|
|
|c BOOK
|
| 999 |
0 |
|
|a Labor law and social security
|